<?xml version="1.0" encoding="UTF-8"?>
<record
    xmlns:xsi="http://www.w3.org/2001/XMLSchema-instance"
    xsi:schemaLocation="http://www.loc.gov/MARC21/slim http://www.loc.gov/standards/marcxml/schema/MARC21slim.xsd"
    xmlns="http://www.loc.gov/MARC21/slim">

  <leader>00551nam a22001697a 4500</leader>
  <datafield tag="999" ind1=" " ind2=" ">
    <subfield code="c">4755</subfield>
    <subfield code="d">4755</subfield>
  </datafield>
  <controlfield tag="008">200828b           ||||| |||| 00| 0 eng d</controlfield>
  <datafield tag="082" ind1="0" ind2="0">
    <subfield code="a">621.3</subfield>
    <subfield code="b">T398</subfield>
  </datafield>
  <datafield tag="100" ind1=" " ind2=" ">
    <subfield code="9">40</subfield>
    <subfield code="a">Theraja, B. L.</subfield>
  </datafield>
  <datafield tag="245" ind1="1" ind2="0">
    <subfield code="a">Electrical technology - Vol 1: S.I. system of SI units /</subfield>
  </datafield>
  <datafield tag="250" ind1=" " ind2=" ">
    <subfield code="a">21st ed.</subfield>
  </datafield>
  <datafield tag="260" ind1=" " ind2=" ">
    <subfield code="a">New-Delhi: </subfield>
    <subfield code="b">Nirja Construction and Developement,</subfield>
    <subfield code="c"> 1994.</subfield>
  </datafield>
  <datafield tag="300" ind1=" " ind2=" ">
    <subfield code="a">x, 592 p.</subfield>
  </datafield>
  <datafield tag="500" ind1=" " ind2=" ">
    <subfield code="a">Contains: Basic Electrical Engineering</subfield>
  </datafield>
  <datafield tag="650" ind1=" " ind2="0">
    <subfield code="a">Electrical Engineering</subfield>
  </datafield>
  <datafield tag="700" ind1=" " ind2=" ">
    <subfield code="9">1842</subfield>
    <subfield code="a">Theraja, A.K.</subfield>
  </datafield>
  <datafield tag="942" ind1=" " ind2=" ">
    <subfield code="c">BK</subfield>
  </datafield>
  <datafield tag="952" ind1=" " ind2=" ">
    <subfield code="0">0</subfield>
    <subfield code="1">0</subfield>
    <subfield code="2">ddc</subfield>
    <subfield code="4">0</subfield>
    <subfield code="6">621_300000000000000_T398</subfield>
    <subfield code="7">0</subfield>
    <subfield code="9">13404</subfield>
    <subfield code="a">CL</subfield>
    <subfield code="b">CL</subfield>
    <subfield code="d">2020-08-28</subfield>
    <subfield code="o">621.3 T398</subfield>
    <subfield code="p">08210</subfield>
    <subfield code="r">2020-08-28</subfield>
    <subfield code="y">BK</subfield>
  </datafield>
  <datafield tag="952" ind1=" " ind2=" ">
    <subfield code="0">0</subfield>
    <subfield code="1">0</subfield>
    <subfield code="2">ddc</subfield>
    <subfield code="4">0</subfield>
    <subfield code="6">621_300000000000000_T398</subfield>
    <subfield code="7">0</subfield>
    <subfield code="9">13405</subfield>
    <subfield code="a">CL</subfield>
    <subfield code="b">CL</subfield>
    <subfield code="d">2020-08-28</subfield>
    <subfield code="o">621.3 T398</subfield>
    <subfield code="p">08211</subfield>
    <subfield code="r">2020-08-28</subfield>
    <subfield code="y">BK</subfield>
  </datafield>
  <datafield tag="952" ind1=" " ind2=" ">
    <subfield code="0">0</subfield>
    <subfield code="1">0</subfield>
    <subfield code="2">ddc</subfield>
    <subfield code="4">0</subfield>
    <subfield code="6">621_300000000000000_T398</subfield>
    <subfield code="7">0</subfield>
    <subfield code="9">13406</subfield>
    <subfield code="a">CL</subfield>
    <subfield code="b">CL</subfield>
    <subfield code="d">2020-08-28</subfield>
    <subfield code="o">621.3 T398</subfield>
    <subfield code="p">08212</subfield>
    <subfield code="r">2020-08-28</subfield>
    <subfield code="y">BK</subfield>
  </datafield>
  <datafield tag="952" ind1=" " ind2=" ">
    <subfield code="0">0</subfield>
    <subfield code="1">0</subfield>
    <subfield code="2">ddc</subfield>
    <subfield code="4">0</subfield>
    <subfield code="6">621_300000000000000_T398</subfield>
    <subfield code="7">0</subfield>
    <subfield code="9">13407</subfield>
    <subfield code="a">CL</subfield>
    <subfield code="b">CL</subfield>
    <subfield code="d">2020-08-28</subfield>
    <subfield code="o">621.3 T398</subfield>
    <subfield code="p">08213</subfield>
    <subfield code="r">2020-08-28</subfield>
    <subfield code="y">BK</subfield>
  </datafield>
  <datafield tag="952" ind1=" " ind2=" ">
    <subfield code="0">0</subfield>
    <subfield code="1">0</subfield>
    <subfield code="2">ddc</subfield>
    <subfield code="4">0</subfield>
    <subfield code="6">621_300000000000000_T398</subfield>
    <subfield code="7">0</subfield>
    <subfield code="9">13408</subfield>
    <subfield code="a">CL</subfield>
    <subfield code="b">CL</subfield>
    <subfield code="d">2020-08-28</subfield>
    <subfield code="o">621.3 T398</subfield>
    <subfield code="p">08214</subfield>
    <subfield code="r">2020-08-28</subfield>
    <subfield code="y">BK</subfield>
  </datafield>
</record>
